000
00317 a2200121 4500
001
146282
040
_c
Escola São Tomás de Aquino
100
_a
QUEIRÓS, Bartolomeu Campos de
240
1
0
_a
O olho de vidro do meu avô
_l
por
245
1
0
_a
O olho de vidro do meu avô
697
_a
*LITERATURA JUVENIL
942
_c
BK
999
_c
146282
_d
146282